| 000 | 00640nam a22002417a 4500 | ||
|---|---|---|---|
| 005 | 20170124110015.0 | ||
| 010 | _a904026 | ||
| 020 | _c10.25 | ||
| 035 | _a904026 | ||
| 037 | _bCen Lib/ Ret | ||
| 040 |
_aDPL _bEN |
||
| 082 |
_a301.243 _bCHA |
||
| 100 |
_aChatterjee, R.K. _918634 |
||
| 245 |
_aMass communication / _cby R.K. Chatterjee |
||
| 250 | _a2nd ed | ||
| 260 |
_aNew Delhi _bNational book trust _c1973 |
||
| 270 | _bNew Delhi | ||
| 300 |
_a198p. _c18cm(Hb) |
||
| 500 | _aIncludes index | ||
| 650 |
_aMass communication _x _918635 |
||
| 650 |
_aMass media _918636 |
||
| 942 |
_2ddc _cEN _h301.243 _mCHA |
||
| 999 |
_c126845 _d126845 |
||